000 02043nam a2200397 i 4500
001 xx005113290
003 NUKAT
005 20260407112323.0
008 210416s1937 pl a |001 0 pol c
035 _a(OCoLC)835919433
035 _a(NUKAT)xx005113290
040 _aWA 392/MD
_bpol
_erda
_cWA 392/MD
_dWA 392/TB
100 1 _aPiłsudski, Józef
_d(1867-1935).
_eAutor
_913197
245 1 0 _aPisma zbiorowe :
_bwydanie prac dotychczas drukiem ogłoszonych.
_nT. 2 /
_cJózef Piłsudski ; tom niniejszy zredagował, wstępem i przypisami zaopatrzył Leon Wasilewski ; okładkę projektował Tadeusz Gronowski.
246 1 8 _aPisma zbiorowe Józefa Piłsudskiego
260 _aWarszawa :
_bInstytut Józefa Piłsudskiego Poświęcony Badaniu Najnowszej Historii Polski,
_c1937
_e(Kraków :
_fdruk W. L. Anczyca i Spółki).
300 _a[4], 300, VI, [1] strona, [2] karty tablic :
_bilustracje ;
_c23 cm.
336 _aTekst
_btxt
_2rdacontent
337 _aBez urządzenia pośredniczącego
_bn
_2rdamedia
338 _aWolumin
_bnc
_2rdacarrier
504 _aIndeksy.
600 1 7 _aPiłsudski, Józef
_d(1867-1935)
_xmyśl polityczna i społeczna.
_2kaba
_939494
600 1 7 _aPiłsudski, Józef
_d(1867-1935)
_xi socjalizm.
_2kaba
_939497
600 1 7 _aPiłsudski, Józef
_d(1867-1935)
_xw prasie.
_2kaba
_939498
600 1 7 _aPiłsudski, Józef
_d(1867-1935)
_vkorespondencja.
_2kaba
_939499
650 7 _aIdee polityczne
_zPolska
_y1870-1914.
_2kaba
_933150
650 7 _aIdee polityczne
_zPolska
_y1900-1945.
_2kaba
_933151
651 7 _aPolska
_y1864-1918 (Okres popowstaniowy).
_2kaba
_935518
651 7 _aPolska
_y1914-1918.
_2kaba
_91393
651 7 _aPolska
_y1918-1939 (II Rzeczpospolita).
_2kaba
_91394
700 1 _aWasilewski, Leon
_d(1870-1936).
_eRedakcja
_91831
700 1 _aGronowski, Tadeusz
_d(1894-1990).
_eProjekt graficzny
_939496
710 2 _aInstytut Józefa Piłsudskiego Poświęcony Badaniu Najnowszej Historii Polski (1936-1939).
_eWydawca
_4pbl
_97498
710 2 _aW. L. Anczyc i Spółka.
_eDruk
_4prt
_94292
942 _2ddc
_cBK_NM
999 _c27435
_d27435